000 00818nam a2200217 i 4500
001 189649
003 ES-MaACL
005 20250831073431.0
008 190828s1960 sp |||| | spa d
110 2 _aIglesia Católica.
_bPapa (1922-1939: Pío XI)
_94665
245 1 0 _aDivini Redemptoris
_b: sobre el comunismo ateo (19 de marzo de 1937) /
_cPío XI ; Gabino Márquez.
260 _aMadrid :
_bApostolado de la Prensa,
_c[1960]
300 _a72 p. ;
_c14 cm.
595 _aTirada aparte de: Las grandes encíclicas sociales, v. III.
610 2 4 _aIglesia Católica-
_xDoctrina social-
_vEncíclicas
_94644
650 7 _aComunismo
_2embne
_911211
700 0 _aPío
_bXI
_c, Papa.
_992300
700 1 _aMárquez, Gabino,
_d1871-1954
_977003
852 _aES-MaACL
_jP-719-3
999 _c189649
_d189649